| 000 | 01683nam a2200241Ia 4500 | ||
|---|---|---|---|
| 008 | 260220t1971||||xx |||||||||||||| ||spa|| | ||
| 040 |
_aPY-SlUNAC _bspa _erda |
||
| 041 | _aspa | ||
| 082 |
_a532 _bH198m |
||
| 100 |
_aHansen, Arthur G. _eAutor |
||
| 245 | 0 |
_aMecánica de fluidos / _cpor Arthur G. Hansen [Autor] |
|
| 264 |
_aCiudad de México : _bCentro Regional de Ayuda Técnica, _c℗1971. |
||
| 300 | _a1 volumen | ||
| 520 | _aEl libro "Mecánica de fluidos" de Arthur G. Hansen, publicado en 1971, ofrece una exposición exhaustiva sobre los principios y aplicaciones fundamentales de la mecánica de fluidos. A lo largo de sus capítulos, el autor aborda temas esenciales como la estática y dinámica de fluidos, la viscosidad, el flujo laminar y turbulento, así como los teoremas de Bernoulli y la conservación de la energía en fluidos. El texto se caracteriza por su enfoque didáctico, que incluye ejemplos prácticos y problemas resueltos que facilitan la comprensión de conceptos complejos. Además, Hansen incorpora aplicaciones ingenieriles que ilustran la relevancia de la mecánica de fluidos en diversas disciplinas como la hidráulica, la ingeniería civil y la aeronáutica. La obra se convierte en un recurso valioso tanto para estudiantes como para profesionales en el campo de la ingeniería, proporcionando una base sólida para el estudio y la práctica de la mecánica de fluidos. | ||
| 653 | _aCiencias físicas | ||
| 653 | _aIngeniería | ||
| 653 | _aMecánica de fluidos | ||
| 942 |
_b2026/02/17 _cBK |
||
| 999 |
_c7763 _d7763 |
||